| 000 | 00780nam a22002177a 4500 | ||
|---|---|---|---|
| 005 | 20240530110522.0 | ||
| 008 | 160220s2013 ua a g b 000 0 ara d | ||
| 017 |
_a2012/15136 _bمصر . دار الكتب المصرية |
||
| 020 | _a9772328826 | ||
| 040 | _aEG-CaGPL | ||
| 082 | 0 | 4 |
_221 _a370.1\ _bع ت |
| 100 | 0 | _aعماد شوقى ملقى القصراوى . | |
| 245 | 1 | 0 |
_aتعلم كيف تتعلم : _bرؤى تربوية بين التنظير و التجريب / _cعماد شوقى ملقى القصراوى . |
| 250 | _aط1. | ||
| 260 |
_aالقاهرة : _bعالم الكتب ، _c2013 . |
||
| 300 |
_a294 ص ؛ _c24 سم . |
||
| 650 | 0 | 4 | _aالتعلم . |
| 650 | 0 | 4 | _aالتفكير . |
| 942 |
_2ddc _cBK |
||
| 999 |
_c61913 _d61913 |
||